[Event "Ljubljana op 2nd"]
[Site "Ljubljana"]
[Date "2011.04.12"]
[Round "1"]
[White "Crnic, Ivan"]
[Black "Brank, Bine"]
[Result "0-1"]
[WhiteElo "1693"]
[BlackElo "1925"]
[PlyCount "106"]
[EventDate "2011.04.06"]
[EventType "swiss"]
[EventRounds "9"]
[EventCountry "SLO"]
[SourceTitle "EXT 2023"]
[Source "ChessBase"]
[SourceDate "2022.10.05"]
[SourceVersion "1"]
[SourceVersionDate "2022.10.05"]
[SourceQuality "1"]

1. e4 e5 2. Nf3 Nc6 3. Bb5 a6 4. Ba4 Nf6 5. 0-0 Be7 6. Re1 b5 7. Bb3 0-0 8. c3 d6 9. d4 Re8 10. Bg5 Bg4 11. Qd3 h6 12. Bxf6 Bxf6 13. Bd5 Qd7 14. Nbd2 exd4 15. Bxc6 Qxc6 16. Nxd4 Qd7 17. h3 Bh5 18. Nf5 Bg6 19. g4 b4 20. cxb4 Bxb2 21. Rab1 Bf6 22. Nf3 Qa4 23. a3 Bxf5 24. gxf5 Re7 25. Nh2 Rae8 26. Ng4 Bg5 27. f3 Qc6 28. Ne3 Qb6 29. Kg2 Bxe3 30. Rxe3 d5 31. Rbe1 dxe4 32. fxe4 Qc6 33. Qe2 Qf6 34. Qg4 Qd4 35. Kf3 f6 36. Qg2 c5 37. bxc5 Qxc5 38. Qe2 a5 39. Rg1 a4 40. Rg4 Kh8 41. Qd1 Qc6 42. Qe1 Rb8 43. Rc3 Rb3 44. Rxb3 axb3 45. Qb4 Rb7 46. Qe1 b2 47. Qb1 Qc1 48. Rg1 Qxg1 49. Qxg1 b1Q 50. Qg6 Qd3+ 51. Kf4 Qd2+ 52. Kf3 Rb3+ 53. Kg4 Qg2+ 0-1

[Event "Ljubljana-chT 64th Superliga"]
[Site "Ljubljana"]
[Date "2011.02.17"]
[Round "5.1"]
[White "Gombac, Jan"]
[Black "Brank, Bine"]
[Result "1-0"]
[WhiteElo "2280"]
[BlackElo "1876"]
[PlyCount "126"]
[EventDate "2011.01.13"]
[EventType "team-tourn"]
[EventRounds "9"]
[EventCountry "SLO"]
[SourceTitle "EXT 2022"]
[Source "ChessBase"]
[SourceDate "2021.10.06"]
[SourceVersion "1"]
[SourceVersionDate "2021.10.06"]
[SourceQuality "1"]
[WhiteTeam "Podpec MKK"]
[BlackTeam "Komenda Pogi"]
[WhiteTeamCountry "SLO"]
[BlackTeamCountry "SLO"]

1. e4 e5 2. Nf3 Nc6 3. Bb5 a6 4. Ba4 Nf6 5. d3 d6 6. c3 Be7 7. 0-0 0-0 8. Nbd2 b5 9. Bb3 Na5 10. Bc2 c5 11. Re1 Re8 12. Nf1 Bf8 13. Bg5 g6 14. Ne3 Bg7 15. b4 cxb4 16. cxb4 Nc6 17. Nd5 Be6 18. Bb3 h6 19. Bxf6 Bxf6 20. Qc1 Rc8 21. Qxh6 Bg7 22. Qd2 Nd4 23. Nxd4 exd4 24. f4 Bxd5 25. Bxd5 Rc3 26. f5 gxf5 27. Rf1 Re5 28. Rxf5 Rxf5 29. exf5 Qf6 30. Re1 Bh6 31. Qe2 Be3+ 32. Kh1 Qxf5 33. Be4 Qf2 34. Qxf2 Bxf2 35. Rf1 Rc2 36. Bd5 Kg7 37. g3 f6 38. Bb7 Rxa2 39. Rc1 Be3 40. Rc6 Ra3 41. Bxa6 Rxd3 42. Bxb5 Rb3 43. Rxd6 Rxb4 44. Rd7+ Kf8 45. Bd3 Rb6 46. h4 Re6 47. Kg2 Re7 48. Rd6 Kg7 49. g4 Ra7 50. Bf5 Rb7 51. Kf3 Re7 52. Be6 Bg1 53. Ke4 Bh2 54. Ra6 Bg3 55. h5 Be5 56. g5 d3 57. Kf5 d2 58. h6+ Kh7 59. Ra8 fxg5 60. Rd8 Bf4 61. Bb3 Kxh6 62. Kf6 Rh7 63. Bc2 Be5+ 1-0

[Event "Ljubljana-chT 64th Superliga"]
[Site "Ljubljana"]
[Date "2011.02.10"]
[Round "4.1"]
[White "Brank, Bine"]
[Black "Sirnik, Bostjan"]
[Result "0-1"]
[WhiteElo "1876"]
[BlackElo "2232"]
[PlyCount "84"]
[EventDate "2011.01.13"]
[EventType "team-tourn"]
[EventRounds "9"]
[EventCountry "SLO"]
[SourceTitle "EXT 2022"]
[Source "ChessBase"]
[SourceDate "2021.10.06"]
[SourceVersion "1"]
[SourceVersionDate "2021.10.06"]
[SourceQuality "1"]
[WhiteTeam "Komenda Pogi"]
[BlackTeam "Klinicni Center"]
[WhiteTeamCountry "SLO"]
[BlackTeamCountry "SLO"]

1. e4 d6 2. d4 Nf6 3. Nc3 e5 4. Nf3 exd4 5. Nxd4 Be7 6. Bc4 0-0 7. 0-0 a6 8. a4 Nc6 9. h3 Nb4 10. f4 d5 11. exd5 Nbxd5 12. Nxd5 Nxd5 13. Qf3 Nb6 14. Qd3 Bc5 15. Be3 Re8 16. Bf2 Bd7 17. Bb3 a5 18. c3 Qf6 19. Bc2 g6 20. f5 g5 21. Ne2 Bxf2+ 22. Rxf2 Bc6 23. Qg3 Nd5 24. h4 h6 25. hxg5 Qxg5 26. Qxg5+ hxg5 27. Nd4 Nf4 28. Nxc6 bxc6 29. g3 Nh3+ 30. Kg2 Nxf2 31. Kxf2 Kg7 32. Kf3 Rab8 33. b3 c5 34. Rd1 Rbd8 35. Rh1 Rh8 36. Re1 Kf6 37. Re2 Rh1 38. Be4 Rc1 39. Rh2 Rxc3+ 40. Kg4 Rd4 41. Rh6+ Kg7 42. Kxg5 Rxg3+ 0-1

[Event "Nova Gorica op-A 16th"]
[Site "Nova Gorica"]
[Date "2011.01.30"]
[Round "4"]
[White "Brank, Bine"]
[Black "Sambo, Pietro"]
[Result "1-0"]
[WhiteElo "1876"]
[BlackElo "1702"]
[PlyCount "95"]
[EventDate "2011.01.28"]
[EventType "swiss"]
[EventRounds "9"]
[EventCountry "SLO"]
[SourceTitle "CBM 140 Extra"]
[Source "ChessBase"]
[SourceDate "2011.03.01"]
[SourceVersion "1"]
[SourceVersionDate "2011.03.01"]
[SourceQuality "1"]

1. e4 c6 2. d4 d5 3. Nc3 dxe4 4. Nxe4 Bf5 5. Ng3 Bg6 6. h4 h6 7. Nf3 Nd7 8. h5 Bh7 9. Bd3 Bxd3 10. Qxd3 e6 11. Bf4 Ngf6 12. 0-0-0 Nd5 13. Bd2 Qc7 14. c4 Nf4 15. Bxf4 Qxf4+ 16. Kb1 Qc7 17. Ka1 0-0-0 18. Qc3 Bd6 19. Ne4 Be7 20. Ne5 Nxe5 21. dxe5 Rxd1+ 22. Rxd1 Rd8 23. Rxd8+ Qxd8 24. Qd2 Qxd2 25. Nxd2 Bg5 26. Nf3 Kd7 27. Kb1 Be7 28. Nd2 Bc5 29. Ne4 Bd4 30. f4 Be3 31. g3 c5 32. Kc2 Kc6 33. Kd3 Bd4 34. b4 b6 35. b5+ Kd7 36. Nd6 Bf2 37. g4 Bh4 38. Nxf7 Be7 39. Ke4 Ke8 40. Nh8 Bd8 41. Ng6 Kf7 42. f5 Bg5 43. Nf4 exf5+ 44. gxf5 Bxf4 45. Kxf4 Ke7 46. e6 Kd6 47. Ke4 Ke7 48. Ke5 1-0

[Event "Nova Gorica op-A 16th"]
[Site "Nova Gorica"]
[Date "2011.01.29"]
[Round "2"]
[White "Brank, Bine"]
[Black "Bratkovic, Jakob"]
[Result "1-0"]
[WhiteElo "1876"]
[BlackElo "1672"]
[PlyCount "59"]
[EventDate "2011.01.28"]
[EventType "swiss"]
[EventRounds "9"]
[EventCountry "SLO"]
[SourceTitle "CBM 140 Extra"]
[Source "ChessBase"]
[SourceDate "2011.03.01"]
[SourceVersion "1"]
[SourceVersionDate "2011.03.01"]
[SourceQuality "1"]

1. d4 Nf6 2. c4 e6 3. Nc3 Bb4 4. Nf3 0-0 5. Bg5 h6 6. Bh4 b6 7. a3 Bxc3+ 8. bxc3 Bb7 9. e3 d6 10. Bd3 Nbd7 11. 0-0 c5 12. Qe2 Qc7 13. Nd2 cxd4 14. cxd4 d5 15. Rfc1 Qd6 16. Bg3 Qe7 17. cxd5 Nxd5 18. e4 N5f6 19. Rc7 Rab8 20. Ba6 Bxa6 21. Qxa6 Rfd8 22. Rac1 Nh5 23. Rxa7 Qg5 24. Rc2 Nxg3 25. hxg3 Nc5 26. Qe2 Nb7 27. Nf3 Qg6 28. Ne5 Qh7 29. Nc6 Rdc8 30. Ne7+ 1-0

[Event "Nova Gorica op-A 16th"]
[Site "Nova Gorica"]
[Date "2011.01.29"]
[Round "3"]
[White "Novak, Ksenija"]
[Black "Brank, Bine"]
[Result "1-0"]
[WhiteElo "2127"]
[BlackElo "1876"]
[PlyCount "95"]
[EventDate "2011.01.28"]
[EventType "swiss"]
[EventRounds "9"]
[EventCountry "SLO"]
[SourceTitle "CBM 140 Extra"]
[Source "ChessBase"]
[SourceDate "2011.03.01"]
[SourceVersion "1"]
[SourceVersionDate "2011.03.01"]
[SourceQuality "1"]

1. Nf3 d5 2. c4 c6 3. g3 Nf6 4. Bg2 g6 5. b3 Bg7 6. Bb2 0-0 7. 0-0 Na6 8. d4 Bf5 9. Nc3 Be4 10. Nxe4 Nxe4 11. Ne1 h5 12. a3 Nc7 13. Qc2 Nd6 14. Nd3 Nf5 15. e3 Ne8 16. a4 Nf6 17. Rad1 h4 18. Nf4 hxg3 19. hxg3 e6 20. Rfe1 Ng4 21. Qe2 Ngh6 22. e4 dxe4 23. Qxe4 Qb6 24. Rd3 Rad8 25. Red1 Rfe8 26. Ne2 Nd6 27. c5 Nxe4 28. cxb6 Nd6 29. bxa7 Ra8 30. Ba3 Nc8 31. Bc5 Nxa7 32. b4 Nc8 33. b5 cxb5 34. axb5 Ra2 35. Nc3 Rc2 36. Bxb7 Ne7 37. b6 Ng4 38. R1d2 Rc1+ 39. Rd1 Rc2 40. R1d2 Rc1+ 41. Kg2 Nf5 42. Bc6 Rb8 43. b7 Kh7 44. Ba7 Nxd4 45. Rxd4 Bxd4 46. Rxd4 Rxc3 47. Bxb8 Rxc6 48. Ba7 1-0

[Event "Ljubljana op 1st"]
[Site "Ljubljana"]
[Date "2011.01.26"]
[Round "4"]
[White "Unuk, Laura"]
[Black "Brank, Bine"]
[Result "1/2-1/2"]
[WhiteElo "1735"]
[BlackElo "1876"]
[PlyCount "50"]
[EventDate "2011.01.05"]
[EventType "swiss"]
[EventRounds "9"]
[EventCountry "SLO"]
[SourceTitle "EXT 2023"]
[Source "ChessBase"]
[SourceDate "2022.10.05"]
[SourceVersion "1"]
[SourceVersionDate "2022.10.05"]
[SourceQuality "1"]

1. d4 d5 2. c4 c6 3. Nc3 Nf6 4. Nf3 e6 5. Bg5 Nbd7 6. e3 Be7 7. Bd3 dxc4 8. Bxc4 b5 9. Bd3 Bb7 10. a3 0-0 11. 0-0 a6 12. Rc1 c5 13. dxc5 Nxc5 14. Be2 Qb6 15. b4 Nce4 16. Nxe4 Bxe4 17. Qd4 Qb7 18. Rfd1 Rfd8 19. Qb2 h6 20. Bh4 Rac8 21. Ne1 Rxd1 22. Bxd1 Rd8 23. Bf3 Bxf3 24. Nxf3 Qd5 25. h3 Qd6 1/2-1/2

[Event "SLO-chT Central Superliga 11th"]
[Site "Slovenia"]
[Date "2010.11.18"]
[Round "9.3"]
[White "Brank, Bine"]
[Black "Hribar, Viktor"]
[Result "1-0"]
[WhiteElo "1873"]
[BlackElo "1811"]
[PlyCount "79"]
[EventDate "2010.09.09"]
[EventType "team-tourn"]
[EventRounds "9"]
[EventCountry "SLO"]
[SourceTitle "EXT 2022"]
[Source "ChessBase"]
[SourceDate "2021.10.06"]
[SourceVersion "1"]
[SourceVersionDate "2021.10.06"]
[SourceQuality "1"]
[WhiteTeam "Komenda Pogi"]
[BlackTeam "Bor Dob"]
[WhiteTeamCountry "SLO"]
[BlackTeamCountry "SLO"]

1. e4 e5 2. Nf3 Nc6 3. Bb5 Nf6 4. 0-0 Bc5 5. d3 d6 6. Nc3 0-0 7. h3 Ne7 8. d4 exd4 9. Nxd4 Ng6 10. Bg5 h6 11. Be3 a6 12. Bd3 Ne5 13. Qe2 Nxd3 14. cxd3 Re8 15. Rac1 c6 16. f4 Ba7 17. Qf3 Qa5 18. a3 Bd7 19. Nce2 Kh7 20. g4 g6 21. Ng3 Rg8 22. Kh2 Qd8 23. g5 Ne8 24. gxh6 Bxd4 25. Bxd4 Qh4 26. f5 g5 27. Qh5 Qxh5 28. Nxh5 Kxh6 29. Nf6 Nxf6 30. Bxf6 Kh5 31. Rg1 d5 32. Rg4 Rae8 33. Rcg1 dxe4 34. dxe4 c5 35. Rxg5+ Rxg5 36. Rxg5+ Kh6 37. Rg4 Rxe4 38. Rxe4 Bxf5 39. Re7 Kg6 40. Bc3 1-0

[Event "SLO-chT Central Superliga 11th"]
[Site "Slovenia"]
[Date "2010.10.21"]
[Round "6.1"]
[White "Gombac, Jan"]
[Black "Brank, Bine"]
[Result "1-0"]
[WhiteElo "2316"]
[BlackElo "1873"]
[PlyCount "133"]
[EventDate "2010.09.09"]
[EventType "team-tourn"]
[EventRounds "9"]
[EventCountry "SLO"]
[SourceTitle "EXT 2022"]
[Source "ChessBase"]
[SourceDate "2021.10.06"]
[SourceVersion "1"]
[SourceVersionDate "2021.10.06"]
[SourceQuality "1"]
[WhiteTeam "Podpec Isoglas"]
[BlackTeam "Komenda Pogi"]
[WhiteTeamCountry "SLO"]
[BlackTeamCountry "SLO"]

1. d4 Nf6 2. Nf3 g6 3. c4 Bg7 4. Nc3 d5 5. e3 0-0 6. cxd5 Nxd5 7. Bc4 Nxc3 8. bxc3 c5 9. 0-0 Qc7 10. Qe2 Nc6 11. a4 Bg4 12. Bd3 Rfd8 13. h3 Bxf3 14. Qxf3 Ne5 15. Qg3 Rac8 16. Be4 cxd4 17. cxd4 Nc4 18. Qf3 Nd6 19. Ba3 Nxe4 20. Qxe4 e6 21. Rab1 b6 22. a5 Qc6 23. Qxc6 Rxc6 24. axb6 axb6 25. Rb5 Ra8 26. Rb3 Bf8 27. Bxf8 Kxf8 28. Rfb1 Ra6 29. R3b2 Ke7 30. Kf1 Kd6 31. Ke2 e5 32. Rd1 exd4 33. Rxd4+ Ke6 34. Re4+ Kf6 35. g4 Ra7 36. h4 h6 37. f4 Rac7 38. Kf3 Rb7 39. g5+ hxg5 40. hxg5+ Kg7 41. Re8 f6 42. Rh2 fxg5 43. fxg5 Rf7+ 44. Kg4 Rc1 45. Rg2 Rc6 46. e4 Rf8 47. Re7+ Rf7 48. Re5 Rb7 49. Rb5 Re7 50. Re2 Rc4 51. Kf4 Re6 52. Re3 Kf7 53. Kf3 Rc5 54. Reb3 Rxb5 55. Rxb5 Rc6 56. Kf4 Ke7 57. Ke5 Kf7 58. Kd5 Re6 59. Rb1 Ke7 60. e5 Kd7 61. Ra1 Re8 62. Ra7+ Kc8 63. e6 Kb8 64. Rf7 Kc8 65. Kd6 Rd8+ 66. Kc6 Re8 67. e7 1-0

[Event "SLO-chT Central Superliga 11th"]
[Site "Slovenia"]
[Date "2010.10.14"]
[Round "5.3"]
[White "Brank, Bine"]
[Black "Skok, Joze"]
[Result "1-0"]
[WhiteElo "1873"]
[BlackElo "2033"]
[PlyCount "67"]
[EventDate "2010.09.09"]
[EventType "team-tourn"]
[EventRounds "9"]
[EventCountry "SLO"]
[SourceTitle "EXT 2022"]
[Source "ChessBase"]
[SourceDate "2021.10.06"]
[SourceVersion "1"]
[SourceVersionDate "2021.10.06"]
[SourceQuality "1"]
[WhiteTeam "Komenda Pogi"]
[BlackTeam "Domzale SD"]
[WhiteTeamCountry "SLO"]
[BlackTeamCountry "SLO"]

1. e4 e6 2. d4 d5 3. e5 c5 4. c3 Qb6 5. Nf3 Nc6 6. a3 a5 7. Bd3 Bd7 8. Bc2 cxd4 9. cxd4 Nge7 10. Nc3 Ng6 11. 0-0 Be7 12. Ne2 0-0 13. Ng3 Rac8 14. Nh5 Qc7 15. Bb1 Qb6 16. Qd2 f6 17. Nxg7 fxe5 18. dxe5 Rf7 19. Nh5 Ncxe5 20. Ng5 Rxc1 21. Qxc1 Nf4 22. Nxf4 Bxg5 23. Nxd5 Qd8 24. Ne3 Ng4 25. h3 Nxe3 26. fxe3 Qb6 27. Kh1 Bxe3 28. Qd1 Rg7 29. Qf3 Qc5 30. Be4 Bd4 31. Rac1 Qd6 32. Rcd1 Rg3 33. Qf7+ Kh8 34. Qxh7# 1-0

[Event "Ljubljana Autumn op"]
[Site "Ljubljana"]
[Date "2010.10.13"]
[Round "7"]
[White "Bratkovic, Sham"]
[Black "Brank, Bine"]
[Result "0-1"]
[WhiteElo "1721"]
[BlackElo "1873"]
[PlyCount "64"]
[EventDate "2010.09.01"]
[EventType "swiss"]
[EventRounds "9"]
[EventCountry "SLO"]
[SourceTitle "EXT 2023"]
[Source "ChessBase"]
[SourceDate "2022.10.05"]
[SourceVersion "1"]
[SourceVersionDate "2022.10.05"]
[SourceQuality "1"]

1. e4 e5 2. Nf3 Nc6 3. Bc4 Nf6 4. d3 Bc5 5. c3 0-0 6. Nbd2 d6 7. 0-0 a6 8. Bb3 Be6 9. h3 Ba7 10. Re1 Nd7 11. Bc2 f5 12. exf5 Bxf5 13. Nf1 Qf6 14. Ng3 Bxh3 15. d4 Bg4 16. Be4 Bxf3 17. Bxf3 exd4 18. Qb3+ Kh8 19. Qxb7 Nde5 20. Ne4 Qg6 21. Ng5 dxc3 22. Be3 Bxe3 23. Rxe3 Rab8 24. Be4 Qxg5 25. Qxc7 Qf6 26. Rh3 Rf7 27. Qxf7 Nxf7 28. Bxc6 cxb2 29. Rb1 Qf5 30. Re1 b1Q 31. Rhe3 Qxe1+ 32. Rxe1 Rb1 0-1

[Event "SLO-chT Central Superliga 11th"]
[Site "Slovenia"]
[Date "2010.09.30"]
[Round "3.2"]
[White "Sotirov, Pavle"]
[Black "Brank, Bine"]
[Result "1/2-1/2"]
[WhiteElo "1824"]
[BlackElo "1873"]
[PlyCount "130"]
[EventDate "2010.09.09"]
[EventType "team-tourn"]
[EventRounds "9"]
[EventCountry "SLO"]
[SourceTitle "EXT 2022"]
[Source "ChessBase"]
[SourceDate "2021.10.06"]
[SourceVersion "1"]
[SourceVersionDate "2021.10.06"]
[SourceQuality "1"]
[WhiteTeam "Visnja Gora Sticna"]
[BlackTeam "Komenda Pogi"]
[WhiteTeamCountry "SLO"]
[BlackTeamCountry "SLO"]

1. e4 c5 2. b3 d6 3. Bb2 Nf6 4. Nc3 g6 5. Nf3 Bg7 6. Nd5 0-0 7. Nxf6+ exf6 8. Be2 d5 9. exd5 Qxd5 10. 0-0 Nc6 11. h3 Bf5 12. Nh4 Rad8 13. d3 Bc8 14. Nf3 Rfe8 15. Re1 Re7 16. Bf1 Rxe1 17. Nxe1 Nd4 18. Bxd4 cxd4 19. Be2 Re8 20. Qd2 Qe5 21. Bf1 Qc5 22. g3 Qh5 23. Qf4 Bxh3 24. Bxh3 Qxh3 25. Ng2 Qc8 26. Re1 Rxe1+ 27. Nxe1 Qc3 28. Kf1 a5 29. Qb8+ Bf8 30. Qxb7 Kg7 31. Qe4 Bc5 32. Qe2 Ba3 33. Nf3 Bb2 34. a4 Qc5 35. Kg1 h5 36. Qd1 Qf5 37. Nd2 Qe6 38. Nc4 Bc3 39. Qf3 Qh3 40. Nd6 h4 41. Ne8+ Kf8 42. Nxf6 hxg3 43. fxg3 Qe6 44. Ne4 f5 45. Nxc3 Qe1+ 46. Kg2 Qxc3 47. Qe2 Qc6+ 48. Kh2 Kf7 49. Qd2 Qc7 50. Kg2 Qc6+ 51. Kh2 Qc7 52. Kh3 Qc6 53. Qg2 Qd7 54. Kh2 Kg7 55. Qa8 Qc7 56. Qg2 Qd7 57. Qd2 Qc7 58. Qf2 Qc5 59. Qe2 Kf7 60. Qd2 Qc7 61. Kh3 Qc6 62. Qf2 Qd7 63. Kh2 Kg7 64. Qe2 Qc6 65. Kh3 Kf7 1/2-1/2

[Event "Sentjur Ipavec Memorial 11th"]
[Site "Sentjur"]
[Date "2010.09.18"]
[Round "2"]
[White "Cretnik, Urban"]
[Black "Brank, Bine"]
[Result "1/2-1/2"]
[WhiteElo "1586"]
[BlackElo "1873"]
[PlyCount "44"]
[EventDate "2010.09.17"]
[EventType "swiss"]
[EventRounds "9"]
[EventCountry "SLO"]
[SourceTitle "CBM 138 Extra"]
[Source "ChessBase"]
[SourceDate "2010.10.29"]
[SourceVersion "1"]
[SourceVersionDate "2010.10.29"]
[SourceQuality "1"]

1. e4 e5 2. Nf3 Nc6 3. Bb5 a6 4. Ba4 Nf6 5. 0-0 Be7 6. Re1 b5 7. Bb3 0-0 8. c3 d5 9. exd5 Nxd5 10. Nxe5 Nxe5 11. Rxe5 c6 12. Bxd5 cxd5 13. d4 Bd6 14. Re1 Qh4 15. g3 Qh3 16. Qf3 Bf5 17. Qg2 Qh5 18. Qxd5 Rae8 19. Be3 Bf4 20. Nd2 Bxe3 21. Rxe3 Rxe3 22. fxe3 Qe2 1/2-1/2

[Event "Ljubljana Autumn op"]
[Site "Ljubljana"]
[Date "2010.08.31"]
[Round "1"]
[White "Papez, Viktor"]
[Black "Brank, Bine"]
[Result "1-0"]
[WhiteElo "1771"]
[BlackElo "1873"]
[PlyCount "97"]
[EventDate "2010.09.01"]
[EventType "swiss"]
[EventRounds "9"]
[EventCountry "SLO"]
[SourceTitle "EXT 2023"]
[Source "ChessBase"]
[SourceDate "2022.10.05"]
[SourceVersion "1"]
[SourceVersionDate "2022.10.05"]
[SourceQuality "1"]

1. d4 Nf6 2. c4 g6 3. Nc3 d5 4. Bg5 Bg7 5. Bxf6 Bxf6 6. cxd5 0-0 7. Nf3 c6 8. e4 cxd5 9. Nxd5 Bg7 10. Rc1 Nc6 11. Bb5 Qa5+ 12. Nc3 Nxd4 13. Nxd4 Rd8 14. 0-0 Bxd4 15. Nd5 Bxb2 16. Rc2 Bg7 17. Qe2 Be6 18. Nc7 Rac8 19. Nxe6 Rxc2 20. Qxc2 fxe6 21. Bc4 h6 22. Bxe6+ Kh7 23. g3 Qe5 24. Bd5 b6 25. Qc6 Qd6 26. Qa4 a5 27. Rc1 Qe5 28. Rc6 Qb2 29. Bf7 Bd4 30. Rc2 Qa1+ 31. Kg2 Bc5 32. h4 Rd1 33. Qe8 Rg1+ 34. Kf3 Qf6+ 35. Kg4 Qg7 36. Kh3 Re1 37. Kg2 Rxe4 38. h5 gxh5 39. Bxh5 Re5 40. Rc4 Qg8 41. Rf4 Qxe8 42. Bxe8 Re2 43. a4 e5 44. Rf7+ Kg6 45. g4 Kg5 46. Kg3 Kg6 47. Rf5+ Kg7 48. Bb5 Bd4 49. Bxe2 1-0

[Event "Ljubljana"]
[Site "Ljubljana"]
[Date "2010.06.16"]
[Round "10"]
[White "Crnic, Ivan"]
[Black "Brank, Bine"]
[Result "0-1"]
[WhiteElo "1638"]
[BlackElo "1891"]
[PlyCount "62"]
[EventDate "2010.05.05"]
[EventType "tourn"]
[EventRounds "11"]
[EventCountry "SLO"]
[SourceTitle "EXT 2012"]
[Source "ChessBase"]
[SourceDate "2011.11.24"]
[SourceVersion "1"]
[SourceVersionDate "2011.11.24"]
[SourceQuality "1"]

1. e4 c5 2. Nf3 d6 3. d4 cxd4 4. Nxd4 Nf6 5. Bd3 g6 6. Be3 Bg7 7. f3 0-0 8. Qd2 Nc6 9. Nxc6 bxc6 10. Nc3 d5 11. Bc5 Nd7 12. Ba3 Ne5 13. h4 dxe4 14. Nxe4 Qc7 15. h5 Rd8 16. Qe2 Nxd3+ 17. cxd3 Qa5+ 18. Kf1 Rxd3 19. Qxd3 Ba6 20. Qxa6 Qxa6+ 21. Kg1 Bd4+ 22. Kh2 f5 23. Ng5 Be5+ 24. Kh3 Qc4 25. g3 Bf6 26. Rhc1 Qd3 27. Rd1 Qe3 28. Nxh7 Kxh7 29. hxg6+ Kxg6 30. Re1 Qxf3 31. Bxe7 Rh8# 0-1

[Event "Ljubljana"]
[Site "Ljubljana"]
[Date "2010.06.09"]
[Round "9"]
[White "Brank, Bine"]
[Black "Becic, Semso"]
[Result "1-0"]
[WhiteElo "1891"]
[BlackElo "1697"]
[PlyCount "89"]
[EventDate "2010.05.05"]
[EventType "tourn"]
[EventRounds "11"]
[EventCountry "SLO"]
[SourceTitle "EXT 2012"]
[Source "ChessBase"]
[SourceDate "2011.11.24"]
[SourceVersion "1"]
[SourceVersionDate "2011.11.24"]
[SourceQuality "1"]

1. e4 e5 2. f4 exf4 3. Nf3 d6 4. d4 Be7 5. Bxf4 Bg4 6. Bd3 Nc6 7. c3 Nf6 8. 0-0 0-0 9. Nbd2 a6 10. Qc2 Nh5 11. Be3 Bf6 12. e5 dxe5 13. dxe5 Nxe5 14. Bxh7+ Kh8 15. Bf5 Bxf3 16. Nxf3 Nc4 17. Bc5 Be7 18. Bd4 c5 19. Bf2 Qc7 20. Qe4 Nd6 21. Qg4 Nxf5 22. Qxh5+ Nh6 23. Be3 Qc6 24. Ne5 Qe6 25. Bxh6 Qxh6 26. Nxf7+ Rxf7 27. Qxh6+ gxh6 28. Rxf7 Bg5 29. Rxb7 Re8 30. g3 Kg8 31. Rd1 Kf8 32. Rdd7 Be7 33. Rb6 Kf7 34. Rxh6 Kg7 35. Re6 Kf7 36. Rexe7+ Rxe7 37. Rxe7+ Kxe7 38. Kf2 Kf6 39. Ke3 Ke5 40. h4 a5 41. h5 a4 42. h6 Kf6 43. g4 Kg6 44. g5 Kh7 45. b3 1-0

[Event "Ljubljana"]
[Site "Ljubljana"]
[Date "2010.05.20"]
[Round "11"]
[White "Brank, Bine"]
[Black "Abe, Aljaz"]
[Result "1-0"]
[WhiteElo "1891"]
[BlackElo "1553"]
[PlyCount "65"]
[EventDate "2010.05.05"]
[EventType "tourn"]
[EventRounds "11"]
[EventCountry "SLO"]
[SourceTitle "EXT 2012"]
[Source "ChessBase"]
[SourceDate "2011.11.24"]
[SourceVersion "1"]
[SourceVersionDate "2011.11.24"]
[SourceQuality "1"]

1. e4 e6 2. d4 d5 3. exd5 exd5 4. Bd3 Bd6 5. Ne2 Nf6 6. Bf4 0-0 7. 0-0 Be6 8. Bxd6 Qxd6 9. Ng3 Qd7 10. Nd2 Nc6 11. Nf3 Bg4 12. c3 Rfe8 13. h3 Be6 14. Bc2 Ne7 15. Ne5 Qd6 16. Qd3 g6 17. Qd2 Kg7 18. f4 Nd7 19. f5 Nxf5 20. Bxf5 Nxe5 21. Bxe6 Rxe6 22. dxe5 Rxe5 23. Qf4 Qe7 24. Qg4 Rg5 25. Qd4+ f6 26. Rae1 Qf7 27. Ne2 Re8 28. Nf4 Rxe1 29. Rxe1 Rf5 30. Ne6+ Kg8 31. Qxa7 Qe7 32. Qb8+ Kf7 33. Nd8+ 1-0

[Event "Ljubljana"]
[Site "Ljubljana"]
[Date "2010.05.12"]
[Round "3"]
[White "Bratkovic, Jakob"]
[Black "Brank, Bine"]
[Result "0-1"]
[WhiteElo "1525"]
[BlackElo "1891"]
[PlyCount "46"]
[EventDate "2010.05.05"]
[EventType "tourn"]
[EventRounds "11"]
[EventCountry "SLO"]
[SourceTitle "EXT 2012"]
[Source "ChessBase"]
[SourceDate "2011.11.24"]
[SourceVersion "1"]
[SourceVersionDate "2011.11.24"]
[SourceQuality "1"]

1. e4 c5 2. Nf3 d6 3. d4 cxd4 4. Nxd4 Nf6 5. Nc3 g6 6. Be3 Bg7 7. f3 0-0 8. Qd2 Nc6 9. 0-0-0 d5 10. exd5 Nxd5 11. Nxc6 bxc6 12. Bd4 Nf6 13. Qf2 Qc7 14. Bc4 Bb7 15. Bb3 Ba6 16. Rhe1 Rfd8 17. Qe3 e6 18. Be5 Rxd1+ 19. Rxd1 Qb7 20. Qd4 c5 21. Qa4 Rc8 22. Bxf6 Bxf6 23. Qe8+ Rxe8 0-1

[Event "Ljubljana"]
[Site "Ljubljana"]
[Date "2010.05.11"]
[Round "2"]
[White "Brank, Bine"]
[Black "Znidaric, Anze"]
[Result "1/2-1/2"]
[WhiteElo "1891"]
[BlackElo "1516"]
[PlyCount "113"]
[EventDate "2010.05.05"]
[EventType "tourn"]
[EventRounds "11"]
[EventCountry "SLO"]
[SourceTitle "EXT 2012"]
[Source "ChessBase"]
[SourceDate "2011.11.24"]
[SourceVersion "1"]
[SourceVersionDate "2011.11.24"]
[SourceQuality "1"]

1. e4 e6 2. d4 d5 3. exd5 exd5 4. Bd3 Bd6 5. Nf3 Ne7 6. 0-0 0-0 7. Re1 Nbc6 8. c3 Bf5 9. Bg5 f6 10. Bh4 Qd7 11. c4 Bxd3 12. Qxd3 dxc4 13. Qxc4+ Kh8 14. Nc3 Rad8 15. Rad1 Nf5 16. Ne5 Bxe5 17. dxe5 Nxe5 18. Qe4 Qe6 19. Rxd8 Rxd8 20. f4 Nxh4 21. fxe5 Qb6+ 22. Kh1 Rd4 23. Qe2 fxe5 24. Qxe5 h6 25. Nd5 Qg6 26. Ne3 Re4 27. Qg3 Qxg3 28. hxg3 Nf5 29. Nc2 Rxe1+ 30. Nxe1 Nxg3+ 31. Kh2 Ne4 32. Nd3 Kg8 33. Kh3 h5 34. Nf4 Nf6 35. Ne6 Nd5 36. Kh4 g6 37. Kg5 Kf7 38. Nd8+ Kg7 39. Nxb7 Ne3 40. Nc5 Kf7 41. g3 Nf5 42. Ne4 Nd6 43. Nc3 c6 44. b4 Kg7 45. a4 Kf7 46. b5 cxb5 47. axb5 Kg7 48. Kf4 Kf6 49. b6 axb6 50. Nd5+ Ke6 51. Nxb6 Nf7 52. Nc4 g5+ 53. Ke4 h4 54. gxh4 gxh4 55. Kf4 h3 56. Kg3 Ng5 57. Nd2 1/2-1/2